FIFA Members - Statistics

General Stats
  • This quiz has been taken 58 times
  • The average score is 174 of 210
Answer Stats
Answer % Correct
Australia
97%
Trinidad and Tobago
97%
Afghanistan
95%
Albania
95%
Argentina
95%
Canada
95%
Chile
95%
Ireland
95%
Kosovo
95%
Mexico
95%
Russia
95%
Scotland
95%
South Korea
95%
Spain
95%
Sweden
95%
Algeria
92%
Bolivia
92%
Brazil
92%
Denmark
92%
DR Congo
92%
Ecuador
92%
England
92%
Finland
92%
France
92%
Greece
92%
Iceland
92%
Indonesia
92%
Iran
92%
Israel
92%
Italy
92%
Jamaica
92%
Mali
92%
North Korea
92%
North Macedonia
92%
Portugal
92%
Qatar
92%
San Marino
92%
USA
92%
Venezuela
92%
Vietnam
92%
Wales
92%
American Samoa
90%
Andorra
90%
Austria
90%
Bosnia and Herzegovina
90%
China
90%
Congo
90%
Croatia
90%
Cuba
90%
Gambia
90%
Gibraltar
90%
India
90%
Iraq
90%
Ivory Coast
90%
Kazakhstan
90%
Latvia
90%
Malaysia
90%
Montenegro
90%
Nepal
90%
Northern Ireland
90%
Norway
90%
Paraguay
90%
Peru
90%
Senegal
90%
Thailand
90%
Turkey
90%
Turkmenistan
90%
Ukraine
90%
Uzbekistan
90%
Armenia
87%
Bahrain
87%
Belarus
87%
Bulgaria
87%
Chad
87%
Colombia
87%
Egypt
87%
El Salvador
87%
Estonia
87%
Germany
87%
Guatemala
87%
Haiti
87%
Japan
87%
Lithuania
87%
Morocco
87%
Niger
87%
Oman
87%
Pakistan
87%
Panama
87%
Papua New Guinea
87%
Rwanda
87%
Serbia
87%
Slovakia
87%
Slovenia
87%
Somalia
87%
South Africa
87%
Switzerland
87%
Tajikistan
87%
UAE
87%
Uruguay
87%
Yemen
87%
Zambia
87%
Antigua and Barbuda
85%
Belgium
85%
Belize
85%
Bhutan
85%
Brunei
85%
Cambodia
85%
Cameroon
85%
Costa Rica
85%
Cyprus
85%
Czech Republic
85%
Dominican Republic
85%
Eswatini
85%
Guinea
85%
Guyana
85%
Hungary
85%
Kenya
85%
Kyrgyzstan
85%
Laos
85%
Libya
85%
Malta
85%
Myanmar
85%
Nicaragua
85%
Nigeria
85%
Poland
85%
Romania
85%
Samoa
85%
Singapore
85%
South Sudan
85%
St Kitts and Nevis
85%
St Lucia
85%
Sudan
85%
Syria
85%
Timor-Leste
85%
Zimbabwe
85%
Angola
82%
Azerbaijan
82%
Barbados
82%
Equatorial Guinea
82%
Ethiopia
82%
Fiji
82%
Honduras
82%
Lesotho
82%
Liberia
82%
Madagascar
82%
Mongolia
82%
Netherlands
82%
New Zealand
82%
Saudi Arabia
82%
Solomon Islands
82%
Suriname
82%
Tunisia
82%
Uganda
82%
Vanuatu
82%
Bahamas
79%
Burundi
79%
Cape Verde
79%
Central African Republic
79%
Djibouti
79%
Dominica
79%
Gabon
79%
Georgia
79%
Guinea-Bissau
79%
Kuwait
79%
Luxembourg
79%
Moldova
79%
Mozambique
79%
Tanzania
79%
Togo
79%
Bangladesh
77%
Benin
77%
Botswana
77%
Ghana
77%
Mauritania
77%
Mauritius
77%
Namibia
77%
Philippines
77%
Seychelles
77%
St Vincent and the Grenadines
77%
Tonga
77%
Comoros
74%
Faroe Islands
74%
Jordan
74%
Maldives
74%
Palestine
74%
Sierra Leone
74%
Sri Lanka
74%
Grenada
72%
Malawi
69%
Aruba
67%
Lebanon
67%
Sao Tome and Principe
67%
Anguilla
64%
Burkina Faso
64%
Curacao
64%
Guam
64%
Hong Kong
64%
US Virgin Islands
64%
Bermuda
62%
Tahiti
62%
British Virgin Islands
59%
New Caledonia
56%
Puerto Rico
54%
Montserrat
51%
Cayman Islands
49%
Chinese Taipei
49%
Cook Islands
49%
Turks and Caicos Islands
38%
Lichtenstein
31%
Macao
31%
No matching quizzes found
Score Distribution
Percent of People with Each Score
Percentile by Number Answered
Your Score History
You have not taken this quiz